[Event "AUTO-OPEN-3764"]
[Site "http://www.queenalice.com/game.php?id=1463569"]
[Date "2017.2.9"]
[Round "1"]
[White "luiz_gustavo"]
[Black "cex5"]
[Result "1-0"]
[WhiteElo "1562"]
[BlackElo "1656"]

1. e4 e5 2. Nf3 c6 3. Nc3 g6 4. Bc4 a5 5. Nxe5 Nh6 6. Qf3 Qe7 7. d4 d6 8. Bxh6
dxe5 9. Bxf8 Qxf8 10. Qf6 Nd7 11. Bxf7+ Qxf7 12. Qxh8+ Ke7 13. dxe5 b5 14. e6
Kxe6 15. Qd4 Bb7 16. O-O c5 17. Qe3 Rf8 18. Nxb5 Rc8 19. Qh3+ Ke7 20. Rad1 Rd8
21. Rd6 Kf8 22. Rfd1 Bc6 23. Rxc6 Qxa2 24. Nc7 Qxb2 25. Ne6+ Ke8 26. Nc7+ Kf8
27. Ne6+ Ke7 28. Nxd8 Kf8 29. Qxd7 Kg8 30. Ne6 Kh8 31. Rc8# 1-0

[Event "AUTO-OPEN-3764"]
[Site "http://www.queenalice.com/game.php?id=1463570"]
[Date "2017.2.9"]
[Round "1"]
[White "cex5"]
[Black "luiz_gustavo"]
[Result "0-1"]
[WhiteElo "1575"]
[BlackElo "1515"]

1. e4 e5 2. c3 Nf6 3. d3 Nc6 4. g3 Bc5 5. Bg2 d6 6. a4 h6 7. b4 Bxb4 8. cxb4
Nxb4 9. Nf3 Bg4 10. a5 O-O 11. O-O c6 12. d4 exd4 13. Qe1 Nd3 14. Qd2 Bxf3 15.
Bxf3 Nxc1 16. Qxc1 Re8 17. Nd2 d5 18. exd5 Nxd5 19. Bxd5 Qxd5 20. Rd1 c5 21. Ra4
b6 22. axb6 axb6 23. Rxa8 Rxa8 24. Nf3 Qxf3 25. Re1 Qc3 26. Kf1 Qxc1 27. Rxc1 d3
28. Ke1 Ra2 29. Rd1 Re2+ 30. Kf1 c4 31. Kg2 b5 32. Kf3 g5 33. Ra1 c3 34. Ra8+
Kg7 35. Rc8 b4 36. Rc4 Rb2 37. Ke3 d2 38. Ke2 f5 39. Rc7+ Kg6 0-1

[Event "AUTO-OPEN-3764"]
[Site "http://www.queenalice.com/game.php?id=1463615"]
[Date "2017.2.9"]
[Round "1"]
[White "nemeth"]
[Black "cex5"]
[Result "1-0"]
[WhiteElo "2326"]
[BlackElo "1726"]

1. e4 e5 2. Nc3 c6 3. Bc4 a5 4. a4 Nf6 5. d3 Bb4 6. Ne2 d5 7. exd5 cxd5 8. Bb5+
Bd7 9. O-O Bxb5 10. Nxb5 O-O 11. Bg5 Na6 12. Kh1 Nc7 13. Nxc7 Qxc7 14. Bxf6 gxf6
15. Ng3 Qd7 16. f4 exf4 17. Rxf4 Rfe8 18. Nh5 Ra6 19. Qf3 Be7 20. Qg3+ Kf8 21.
Qg7# 1-0

[Event "AUTO-OPEN-3764"]
[Site "http://www.queenalice.com/game.php?id=1463616"]
[Date "2017.2.9"]
[Round "1"]
[White "cex5"]
[Black "nemeth"]
[Result "0-1"]
[WhiteElo "1661"]
[BlackElo "2340"]

1. e4 c5 2. c4 d6 3. g3 Nc6 4. Bg2 g6 5. d3 Bg7 6. Bd2 Bxb2 7. Bc3 Bxa1 8. Bxa1
e5 9. Nf3 Qa5+ 10. Qd2 Qxd2+ 11. Nfxd2 Nge7 12. Na3 a6 13. O-O O-O 14. Nab1 Be6
15. f4 f6 16. f5 gxf5 17. exf5 Bxf5 18. Ne4 Bxe4 19. Bxe4 f5 20. Bd5+ Nxd5 21.
cxd5 Nb4 22. Nd2 Nxd5 23. Nf3 b5 0-1

[Event "AUTO-ADV-3778"]
[Site "http://www.queenalice.com/game.php?id=1463675"]
[Date "2017.2.9"]
[Round "1"]
[White "julianomachado"]
[Black "cex5"]
[Result "1-0"]
[WhiteElo "1925"]
[BlackElo "1613"]

1. e4 e5 2. Nf3 d6 3. Nc3 c5 4. Bb5+ Bd7 5. O-O Bxb5 6. d3 a6 7. Bg5 Be7 8. Bxe7
Nxe7 9. a4 Bd7 10. Ne2 Bg4 11. Ng3 Bxf3 12. Qxf3 Nbc6 13. c3 O-O 14. Qg4 b5 15.
axb5 axb5 16. Rae1 b4 17. f4 bxc3 18. bxc3 exf4 19. Rxf4 Ne5 20. Qd1 Ra3 21. Qd2
N7g6 22. Rf2 Qd7 23. d4 cxd4 24. cxd4 Nc4 25. Qb4 Rc8 26. Rc1 Ra4 27. Qe1 Nb6
28. Rd1 Rac4 29. e5 dxe5 30. dxe5 Qe6 31. Rd6 1-0

[Event "AUTO-ADV-3778"]
[Site "http://www.queenalice.com/game.php?id=1463676"]
[Date "2017.2.9"]
[Round "1"]
[White "cex5"]
[Black "julianomachado"]
[Result "0-1"]
[WhiteElo "1734"]
[BlackElo "1941"]

1. e4 e5 2. c3 Nf6 3. d3 Be7 4. g3 O-O 5. Bg2 d5 6. Bd2 Bg4 7. Qc1 c5 8. Bg5 h6
9. Bxf6 Bxf6 10. exd5 Bg5 11. Qc2 Bf5 12. d6 Nc6 13. Bxc6 bxc6 14. Nf3 Bf6 15.
O-O Qxd6 16. Rd1 Qd5 17. Nh4 Bxh4 18. gxh4 Bh3 19. f3 Qxf3 20. Qf2 Qxd1+ 21. Qf1
Qxf1# 0-1

[Event "AUTO-ADV-3778"]
[Site "http://www.queenalice.com/game.php?id=1463687"]
[Date "2017.2.9"]
[Round "1"]
[White "pedone"]
[Black "cex5"]
[Result "1-0"]
[WhiteElo "1813"]
[BlackElo "1747"]

1. e4 e5 2. Nf3 d6 3. Bc4 c6 4. a4 h6 5. c3 Ne7 6. d3 Bd7 7. Nbd2 d5 8. Ba2 dxe4
9. Nxe5 Be6 10. Nxe4 Bxa2 11. Rxa2 Nd7 12. Nd6# 1-0

[Event "AUTO-ADV-3778"]
[Site "http://www.queenalice.com/game.php?id=1463688"]
[Date "2017.2.9"]
[Round "1"]
[White "cex5"]
[Black "pedone"]
[Result "0-1"]
[WhiteElo "1636"]
[BlackElo "1847"]

1. c3 d5 2. e3 Nf6 3. g3 c6 4. Bg2 Bf5 5. d3 h6 6. Nd2 Bxd3 7. b4 e6 8. Nb3 Bh7
9. a4 Nbd7 10. Nf3 Qc7 11. O-O Bd6 12. Nbd4 O-O 13. Ba3 Ne4 14. Qc1 Nb6 15. a5
Nc4 16. Rd1 b5 17. Nd2 Nexd2 18. Rxd2 Nxd2 19. Qxd2 e5 20. Nb3 Be7 21. Nc5 a6
22. Rd1 Rfd8 23. h4 Bf5 24. f3 Bxc5 25. bxc5 Qxa5 0-1

[Event "AUTO-ADV-3778"]
[Site "http://www.queenalice.com/game.php?id=1463695"]
[Date "2017.2.9"]
[Round "1"]
[White "cex5"]
[Black "renato"]
[Result "0-1"]
[WhiteElo "1621"]
[BlackElo "1870"]

1. c3 e5 2. e4 d5 3. exd5 Qxd5 4. d3 Be7 5. Nd2 Nf6 6. Ngf3 Bg4 7. Be2 Qd6 8.
Nc4 Qd8 9. Ncxe5 Bxf3 10. Bxf3 c6 11. O-O Nbd7 12. Nxd7 Qxd7 13. Bg5 O-O-O 14.
Bxf6 Bxf6 15. Bg4 Qxg4 16. Qxg4+ Kb8 17. Qg3+ Ka8 18. Rad1 Rhe8 19. d4 Re7 20.
Rfe1 Red7 21. Re4 c5 22. Rde1 cxd4 23. cxd4 Bxd4 24. Re8 Bxb2 25. Rxd8+ Rxd8 26.
h4 g6 27. Qc7 Bf6 28. Rc1 a6 0-1

[Event "AUTO-ADV-3778"]
[Site "http://www.queenalice.com/game.php?id=1463696"]
[Date "2017.2.9"]
[Round "1"]
[White "renato"]
[Black "cex5"]
[Result "1-0"]
[WhiteElo "1863"]
[BlackElo "1628"]

1. e4 e5 2. Nf3 d6 3. h3 b6 4. Bb5+ Bd7 5. Bxd7+ Qxd7 6. Nc3 Nc6 7. d4 exd4 8.
Nxd4 O-O-O 9. Nxc6 Qxc6 10. Qg4+ Rd7 11. O-O g6 12. Bd2 Bg7 13. Rab1 Nf6 14. Qf3
Rf8 15. Qd3 Nh5 16. Nd5 Re8 17. Rfe1 Qa4 18. a3 c6 19. Nc3 Bxc3 20. Bxc3 d5 21.
e5 Qh4 22. b4 Re6 23. Re2 Kb7 24. b5 Nf4 25. g3 Nxe2+ 26. Qxe2 Qxh3 27. bxc6+
Kxc6 28. Qb5+ 1-0

[Event "AUTO-ADV-3904"]
[Site "http://www.queenalice.com/game.php?id=1495937"]
[Date "2017.9.22"]
[Round "1"]
[White "ebpap123"]
[Black "cex5"]
[Result "1-0"]
[WhiteElo "1822"]
[BlackElo "1598"]

1. e4 c6 2. d4 e6 3. Nf3 g6 4. Bd3 Bg7 5. Nc3 d6 6. O-O Ne7 7. Be3 e5 8. dxe5
dxe5 9. h3 O-O 10. Qd2 Nd7 11. Bh6 1-0

[Event "AUTO-ADV-3904"]
[Site "http://www.queenalice.com/game.php?id=1495938"]
[Date "2017.9.22"]
[Round "1"]
[White "cex5"]
[Black "ebpap123"]
[Result "0-1"]
[WhiteElo "1609"]
[BlackElo "1831"]

1. e4 c5 2. g3 Nc6 3. Bg2 Nf6 4. c3 Qc7 5. b4 cxb4 6. cxb4 Nxb4 7. Ne2 Nd3+ 8.
Kf1 Nxc1 9. Nxc1 d6 10. Kg1 g6 0-1

[Event "AUTO-ADV-3904"]
[Site "http://www.queenalice.com/game.php?id=1495949"]
[Date "2017.9.22"]
[Round "1"]
[White "mennecy91"]
[Black "cex5"]
[Result "1-0"]
[WhiteElo "1946"]
[BlackElo "1600"]

1. d4 d5 2. Nf3 c6 3. Bg5 Bg4 4. Nbd2 h6 5. Bh4 Qb6 6. Nb3 e6 7. c3 f5 8. Bg3 h5
9. Ne5 h4 10. Bf4 Be7 11. h3 1-0

[Event "AUTO-ADV-3904"]
[Site "http://www.queenalice.com/game.php?id=1495950"]
[Date "2017.9.22"]
[Round "1"]
[White "cex5"]
[Black "mennecy91"]
[Result "0-1"]
[WhiteElo "1602"]
[BlackElo "1944"]

1. e4 Nf6 2. Nc3 e5 3. g3 Bc5 4. a4 d6 5. Be2 Be6 6. Bf3 Nbd7 7. Na2 O-O 8. c3
a5 9. d4 exd4 10. cxd4 Bb6 0-1

[Event "AUTO-ADV-3904"]
[Site "http://www.queenalice.com/game.php?id=1495955"]
[Date "2017.9.22"]
[Round "1"]
[White "chessplayer123"]
[Black "cex5"]
[Result "1-0"]
[WhiteElo "1781"]
[BlackElo "1591"]

1. e4 c6 2. Nf3 g6 3. Bc4 Bg7 4. c3 a5 5. d4 h6 6. Be3 d6 7. Nbd2 e6 8. a4 Ne7
9. Nf1 Nd7 10. Ng3 O-O 11. Qd2 d5 12. exd5 1-0

[Event "AUTO-ADV-3904"]
[Site "http://www.queenalice.com/game.php?id=1495956"]
[Date "2017.9.22"]
[Round "1"]
[White "cex5"]
[Black "chessplayer123"]
[Result "0-1"]
[WhiteElo "1583"]
[BlackElo "1793"]

1. e4 e5 2. c3 Nc6 3. Nf3 d6 4. g3 Nf6 5. d3 Be7 6. c4 Be6 7. Bg2 a6 8. O-O h6
9. Nc3 Nd4 10. Nxd4 exd4 11. Nd5 O-O 12. Nxf6+ Bxf6 0-1